Tên phát xít mặc thường phục Tuyển tập truyện ngắn thế giới

Spremljeno u:
Bibliografski detalji
Format: Knjiga
Jezik:Undetermined
Izdano: Hà Nội Tác phẩm mới 1985
Teme:
Oznake: Dodaj oznaku
Bez oznaka, Budi prvi tko označuje ovaj zapis!
Thư viện lưu trữ: Trung tâm Học liệu Trường Đại học Cần Thơ
LEADER 00531nam a2200169Ia 4500
001 CTU_9456
008 210402s9999 xx 000 0 und d
082 |a 808.8 
082 |b T254p 
245 0 |a Tên phát xít mặc thường phục 
245 0 |b Tuyển tập truyện ngắn thế giới 
260 |a Hà Nội 
260 |b Tác phẩm mới 
260 |c 1985 
650 |a short stories 
904 |i Nguyễn Quang Điền, 960927 
980 |a Trung tâm Học liệu Trường Đại học Cần Thơ